Aasian itsehallintoalueiden lippuja - Statistics

Yleistilastot
  • Tätä visaa on pelattu 23 kertaa
    15 viimeisimmän päivityksen jälkeen
  • Keskiarvotulos 4 / 16
Vastaustilastot
Kuvavisa Hint Vastaus % Oikein
Palestiina
92%
Kiina Hongkong
58%
Georgia Etelä-Ossetia
50%
Kiina Macao
50%
Kiina Tiibet
42%
Etelä-Korea Jeju
33%
Georgia Abhasia
17%
Irak Irakin Kurdistan
17%
Venäjä Saha | Jakutia
17%
Georgia Adžaria
0%
Venäjä Altai
0%
Venäjä Hanti-Mansia
0%
Uzbekistan Karakalpakstan
0%
Azerbaidžan Nahitševan
0%
Venäjä Tuva
0%
Tadžikistan Vuoristo-Badahšan
0%
Ehtoja vastaavia visoja ei löytynyt
Tulosjakauma
Jokaisen tuloksen saaneiden osuus
Persentiili vastausten määrän mukaan
Tuloshistoriasi
Et ole pelannut tätä visaa sen viimeisimmän päivityksen jälkeen